The Whole book of Psalms : set forth and allowed to be sung in all churches, of all the people together, before and after morning and evening prayer, and also before and after sermons, and moreover in private houses for their godly solace and comfort, laying apart all ungodly songs and ballads, which tend only to the nourishing of vice, and corrupting of youth /

Bibliographic Details
Other Authors: Hopkins, John, -1570, Sternhold, Thomas, -1549
Format: Microform Book
Language:English
Series:Early English books, 1641-1700 ; 1520:16.
Subjects:

MARC

Tag First Indicator Second Indicator Subfields
LEADER 00000cam a2200000 a 4500
001 in00000890010
005 20150923150240.0
007 hd afa013baca
007 hd bfa013baaa
008 851123s1691 miu a 00100 eng d
035 |a (OCoLC)12841513 
035 |9 AEL7981AM 
037 |a CL0037000054  |b University Microfilms International 
037 |b University Microfilms International, 300 N. Zeeb Rd., Ann Arbor, MI 48106 
040 |a EAH  |c EAH  |d m/c  |d UtOrBLW 
049 |a TXAI 
090 |a BS1440  |b .S73 1691 
099 |a film   |a  B   |a  3609 
245 0 4 |a The Whole book of Psalms :  |b set forth and allowed to be sung in all churches, of all the people together, before and after morning and evening prayer, and also before and after sermons, and moreover in private houses for their godly solace and comfort, laying apart all ungodly songs and ballads, which tend only to the nourishing of vice, and corrupting of youth /  |c collected into English metre by Thomas Sternhold, John Hopkins, and others. 
264 3 |a London :  |b Printed by J. Macock for the Company of Stationers,  |c 1691. 
300 |a 2 unnumbered pages, 84 pages, 10 unnumbered pages 
336 |a text  |b txt  |2 rdacontent 
337 |a microform  |b h  |2 rdamedia 
338 |a microfilm reel  |b hd  |2 rdacarrier 
500 |a Includes index. 
500 |a Imperfect: pages creased, cropped, faded and stained with some loss of print. 
500 |a Reproduction of original in the British Library. 
510 4 |a Wing  |c B2574 
533 |a Microfilm.  |b Ann Arbor, Mich. :  |c University Microfilms International,  |d 1984.  |e 1 microfilm reel ; 35 mm.  |f (Early English books, 1641-1700 ; 1520:16) 
500 |a Microform. 
630 0 0 |a Bible.  |p Psalms  |x Paraphrases, English. 
650 0 |a Psalters. 
700 1 |a Hopkins, John,  |d -1570. 
700 1 |a Sternhold, Thomas,  |d -1549. 
730 0 |a Bible.  |p Psalms.  |l English.  |s Sternhold and Hopkins.  |f 1691. 
830 0 |a Early English books, 1641-1700 ;  |v 1520:16. 
999 |a MARS 
999 f f |s 59ce6448-692f-3b16-ac31-776ce1b8b35f  |i af467a5e-8d07-30fe-b240-a942357b377a  |t 0 
952 f f |p default  |a Texas A&M University  |b College Station  |c Sterling C. Evans Library  |d Evans: Microforms (3rd floor)  |t 0  |e film B 3609 1520:16  |h Other scheme  |i microform -- microfilm reel 
998 f f |a film B 3609 1520:16  |t 0  |l Evans: Microforms (3rd floor)